| 000 | 00391nam a2200169Ia 4500 | ||
|---|---|---|---|
| 008 | 230524s9999 xx 000 0 und d | ||
| 020 | _a007049553X | ||
| 082 |
_a439 _bBAEI |
||
| 100 | _aArthur Beiser | ||
| 245 | 0 | _aConcepts of Modern Physics | |
| 250 | _a6TH | ||
| 260 |
_aNEW DELHI _bT.M.H _c2003 |
||
| 300 | _a541 | ||
| 500 | _aQuantity Number: 73 | ||
| 650 | _aPhysics | ||
| 942 | _cBK | ||
| 999 |
_c6408 _d6408 |
||